Quiz o WOŚP - Statystyki

Ogólne statystyki
  • Ten quiz został rozwiązany 20 razy
  • Średni wynik to 9 z 16
Statystyki odpowiedzi
Wskazówka Odpowiedź % Poprawnych
Rozwiń skrót WOŚP Wielka Orkiestra Świątecznej Pomocy
95%
Założyciel organizacji Jerzy Owsiak
84%
Miasto, w którym znajduje się siedziba WOŚP Warszawa
84%
W którym roku odbył się 1. Finał WOŚP? 1993
79%
Na których stacjach telewizyjnych można obejrzeć finały WOŚP? TVP, TVN
74%
Który z kolei finał WOŚP odbył się w 2025? 33
68%
W którym roku się urodził? 1953
63%
Funkcję prezydenta którego polskiego miasta pełnił? Gdańska
63%
Nazwisko znanej osoby, która została zamordowana podczas 27. finału WOŚP Paweł Adamowicz
58%
Nazwa jednego z największych, corocznych polskich festiwali rockowych, organizowana przez WOŚP Pol'and'Rock
58%
Poprzez jaką klęskę żywiołową WOŚP utworzyło dodatkową zbiórkę w 2010? Powódź
58%
Na co zostały przeznaczone? (nazwa specjalizacji) Onkologia i hematologia dziecięca
37%
Na co zostały przeznaczone pieniądze uzbierane podczas 1 zbiórki WOŚP? (nazwa specjalizacji) Kardiologia
26%
Ile złotych (w miliardach) dzięki WOŚP uzbierano od założenia fundacji? 2,3
16%
Ile pieniędzy wtedy zebrano? (przed reformą walutową, w mld) 24,2
5%
Ile urządzeń do ratowania życia zakupiono i przekazano do 2025? 71 500
0%
Nie znaleziono quizów pasujących do podanych kryteriów
Rozkład punktacji
Procent ludzi z każdym wynikiem
Percentyl według liczby udzielonych odpowiedzi
Twoja historia wyników
Nie rozwiązałeś tego quizu